Nota Kursus: Bengkel Pengurusan Rekod : 4 - 6 Feb 2002

Bibliographic Details
Format: Book
Subjects:
Online Access:http://app.inspen.gov.my:7779/pls/portal/docs/PAGE/CORPORATEPAGES/PORTAL_INSPEN/NOTA_KURSUS/MANAGEMENT/CS.PDF

MARC

LEADER 00000cam a2200000 7i4500
001 0000014375
005 20071213.0
040 |a INS 
090 0 0 |a M 71 n.2 
245 0 0 |a Nota Kursus: Bengkel Pengurusan Rekod :   |b 4 - 6 Feb 2002 
650 0 0 |a ProgramPengurusan Dan Komputer 
856 |u http://app.inspen.gov.my:7779/pls/portal/docs/PAGE/CORPORATEPAGES/PORTAL_INSPEN/NOTA_KURSUS/MANAGEMENT/CS.PDF 
999 |a M000000097   |b BOOK   |c Course Notes   |e Default branch